000 00698nam a2200157 a 4500
008 120416s1996 xx |||||||||||||| || u
050 _aS 599.9.Z2 Tra
100 _aTrapnell, C. G
245 1 4 _aThe soils, vegetation and agriculture of Zambia
246 _aNorth Eastern Zambia [Ecological survey 1937-1942]
260 _c1996
300 _a: ill.
350 _a0.00
995 _aMAIN LIBRARY OPEN ACCESS
_D0.00
_e728755
_FCBU-MAIN LIBRARY (Kitwe)
_H1
_I17.00
_jS 599.9.Z2 Tra
_M1
_UAVAILABLE
_y020235
_ZMain Library Open Access Collection
995 _aMAIN LIBRARY OPEN ACCESS
_D0.00
_e728756
_FCBU-MAIN LIBRARY (Kitwe)
_H3
_I17.00
_jS 599.9.Z2 Tra
_M3
_UAVAILABLE
_y020234
_ZMain Library Open Access Collection
999 _c76641
_d76641